| 000 | 00313nam a2200109 4500 | ||
|---|---|---|---|
| 008 | 180212b xxu||||| |||| 00| 0 eng d | ||
| 245 | _aLatest innovations for textile industry. | ||
| 260 |
_aPhilippines: _bPhilippine Daily Inquirer, _cc2017. |
||
| 300 | _apage A4. | ||
| 650 | 0 |
_926374 _aIndustries. |
|
| 942 |
_2ddc _cPER |
||
| 999 |
_c8569 _d8569 |
||